| 000 | 00613nam a2200193Ia 4500 | ||
|---|---|---|---|
| 003 | GCL | ||
| 008 | 140319s9999 xx 000 0 ara d | ||
| 040 |
_aGCL / _cGCL |
||
| 082 | 0 | 4 |
_a323.443 _bع ن |
| 100 | 1 | _aعبدالرحمن البيضانى | |
| 245 | 1 | 0 |
_aنكبة الشعارات على الامة العربية / _cعبدالرحمن البيضانى |
| 260 |
_a[S.N] : _bشركة مطابع محرم الصناعية ، _c1975 |
||
| 300 | _a212 ص | ||
| 490 | _a | ||
| 650 | 0 | 4 | _aالسياسة |
| 650 | 0 | 4 | _aالحرية السياسية |
| 650 | 0 | 4 | _aحرية التعبير |
| 942 |
_2ddc _cBK |
||
| 999 |
_c53414 _d53414 |
||